000
00289nam a2200109Ia 4500
008
230907s9999||||xx |||||||||||||| ||und||
082
_a
621
_b
WIC
245
3
_a
An introduction to mechanical engineering /
260
_a
Cengage Learning,
_b
Stamford :
_c
2013
300
_a
417 p.
942
_c
BK
999
_c
598830
_d
598830